000 00540nam a2200193Ia 4500
005 20250923145308.0
008 008 250917s9999 xx 000 0 eng d
037 _aTextual
040 _aDSWL
_beng
_cDSWL
041 _aeng
_2eng
084 _aY:5x, N70;1
_qDSWL
100 _aFord, T.R.
_9833788
245 0 _aSocial Demography
_c by T.R. Ford
260 _aNew Jersey
_b Prince Hall Inc.
_c1970
300 _ax,690 p.
700 _a G.E. Dejong
_9833789
942 _cTEXL
_hY:5x, N70;1
999 _c1449591
_d1449591